000 00722nam a2200241Ia 4500
003 OSt
005 20221005112925.0
006 a|||||r|||| 00| 0
007 ta
008 221004b |||||||| |||| 00| 0 pan d
020 _a8175991644 (hbk)
024 _a103125
037 _cTextual
040 _aCRL
_cCRL
_bpan
041 _2pan
_apan
082 _aQ8441:33, 153P7
100 _aਦੁੱਗਲ, ਕਰਤਾਰ ਸਿੰਘ
245 0 _aਸਿਫਤਿ ਸਲਾਹ
260 _aਦਿੱਲੀ
_bਨਵਯੁਗ ਭਾਤਰ
_c2007
300 _a353ਪੰ
_ccm.
942 _hQ8441:33, 153P7
_cTEXL
_2cc
999 _c1026434
_d1026434